000 00739nam a2200241 a 4500
999 _c2053
_d2053
003 UkOxU
005 20210706080449.0
008 911022s1992 enk 001 0 eng d
020 _a0415048559
040 _cALUPE UNIVERSITY
050 _aRA412
_b.F59 1991
092 _aD0400997495
100 1 _aFlynn, R.
_d1951-
245 1 0 _aStructures of control in health management /
_cRob Flynn
260 _aLondon :
_bRoutledge,
_c1992
300 _a218 p. ;
_c23 cm
504 _aBibliography: p. 201-14. - Includes index
650 0 _aHealth services administration
_zGreat Britain
942 _2lcc
_cBK
_nDO